000 00584nam a2200193Ia 4500
005 20250508163456.0
008 008 250505s9999 xx 000 0 eng d
037 _aDissertations
040 _aFEDL
_beng
_cFEDL
041 _aeng
_2eng
084 _a370.7, DAS/DI
_qFEDL
100 _aDass Usha E
_9775410
245 0 _aStudy of job-satisfation, professional efficiency, and aspirations of the lady teachers
260 _c1976
300 _a75p.
546 _aM. Ed. Dissertation (Delhi University)
942 _cDIS
_h370.7, DAS/DI
999 _c1383539
_d1383539